Los alimentos en el derecho chileno

Saved in:
Bibliografiske detaljer
Hovedforfatter: Orrego Acuña, Juan Andrés (autor)
Format: Bog
Sprog:spansk
Udgivet: Santiago Metropolitana 2009
Fag:
Tags: Tilføj Tag
Ingen Tags, Vær først til at tagge denne postø!

MARC

LEADER 00000nam a2200000 a 4500
001 UCG4222
003 CL-VaPUC
008 101021e20090000CL |||||||||||||||||spa|d
020 |a 9789562860987 
082 0 4 |a 346.830172  |b ORR  |2 21 
100 |a Orrego Acuña, Juan Andrés  |e autor  |9 482626 
245 1 4 |a Los alimentos en el derecho chileno 
300 |a 326 p 
942 |c BK 
945 |d 20101021 00:00:00  |a mfarfan 
260 |a Santiago  |b Metropolitana  |c 2009 
650 0 |a Derecho de alimentos   |9 258635 
650 0 |a Teoría del derecho  |9 255982 
650 0 |a Código civil  |9 256135 
650 0 |a Matrimonio civil  |9 385406 
650 7 |a SEPARACION  |2 CL-VaPUC  |9 328671 
650 7 |a DEMANDA  |2 CL-VaPUC  |9 255172 
650 7 |a PENSIONES  |2 CL-VaPUC  |9 323807 
650 0 |a Derecho de familia  |9 255603 
583 |a last modification  |c 20170808 01:00:20  |k Rodrigo Vera 
999 |c 343057  |d 343055 
952 |0 0  |1 0  |4 0  |6 346_830172000000000_ORR_2009  |7 0  |8 A  |9 439988  |a BIBDER  |b BIBDER  |d 2019-11-22  |i 4727088  |l 5  |m 1  |o 346.830172 ORR 2009  |p 4727088  |r 2023-06-30  |s 2023-06-28  |w 2019-11-22  |y BK  |k DER